| 000 | 00407 a2200169 4500 | ||
|---|---|---|---|
| 999 |
_c12599 _d12599 |
||
| 003 | OSt | ||
| 005 | 20240418115841.0 | ||
| 008 | 240418b ||||| |||| 00| 0 eng d | ||
| 020 | _a978-0471533696 | ||
| 082 | _a721.0284 | ||
| 100 | _aCharles George Ramsey, Harold Sleeper | ||
| 245 | _aArchitectural Graphic Standards | ||
| 250 | _a9th/ed., | ||
| 260 |
_bWiley _c1992 |
||
| 300 | _a918p., | ||
| 942 | _2ddc | ||